000 00332nam a2200121Ia 4500
008 240731s9999 xx 000 0 und d
022 _a1532-6918
245 0 _aChildren's Services : Social Policy, Research, and Practice
260 _bRoutledge
856 _uhttps://www.tandfonline.com/loi/hzza20
942 _2ddc
942 _cTFEJ
999 _c75829
_d75829
945 _a1
_bMadushi Gamage
_c1
_dMadushi Gamage